LIBRARY & INFORMATION CENTRE, KCAET, TAVANUR

ONLINE PUBLIC ACCESS CATALOGUE (OPAC)

Engineering with geosynthetics / (Record no. 6775)

MARC details
000 -LEADER
fixed length control field 00479cam a2200181ua 4500
041 ## - LANGUAGE CODE
Language code of text/sound track or separate title eng
082 ## - DEWEY DECIMAL CLASSIFICATION NUMBER
Classification number 028.74624
Item number VAR/EN
100 ## - MAIN ENTRY--AUTHOR NAME
Personal name Varma, C.V.J.
245 00 - TITLE STATEMENT
Title Engineering with geosynthetics /
260 ## - PUBLICATION, DISTRIBUTION, ETC. (IMPRINT)
Place of publication New Delhi :
Name of publisher Central Board of Irrigation and Power (CBIP) ,
Year of publication 1995.
300 ## - PHYSICAL DESCRIPTION
Number of Pages 219 ; .
700 1# - ADDED ENTRY--PERSONAL NAME
Personal name Rao, A.R.G .
700 1# - ADDED ENTRY--PERSONAL NAME
Personal name Rao, G.V .
942 ## - ADDED ENTRY ELEMENTS (KOHA)
Koha item type Books
Holdings
Withdrawn status Lost status Damaged status Home library Current library Date acquired Full call number Accession Number Koha item type
      KAUAET KAUAET 07/04/2012 028.74624 19564 Reference
      KAUAET KAUAET 07/04/2012 028.74624 20257 Reference
free website counter